书目信息 |
| 题名: |
护理伦理学
|
|
| 作者: | 李本富 主编 | |
| 分册: | ||
| 出版信息: | 北京 科学出版社 2000 |
|
| 页数: | 208页 | |
| 开本: | 26cm | |
| 丛书名: | ||
| 单 册: | ||
| 中图分类: | R192.6 | |
| 科图分类: | ||
| 主题词: | 护理人员 , 职业道德 , 护理人员--职业道德--高等教育--教材 | |
| 电子资源: | ||
| ISBN: | 7-03-008493-4 | |
| 000 | 00922nam0 2200265 450 | |
| 001 | CALS012001898567 | |
| 005 | 20070619162111.29 | |
| 010 | @a7-03-008493-4@dCNY18.20 | |
| 100 | @a20010321d2000 em y0chiy0110 ea | |
| 101 | 0 | @achi |
| 102 | @aCN@b110000 | |
| 105 | @ay z 000yy | |
| 200 | 1 | @a护理伦理学@9hu li lun li xue@f李本富主编 |
| 210 | @a北京@c科学出版社@d2000 | |
| 215 | @a208页@d26cm | |
| 300 | @a全国高等教育自学考试指定教材 护理学专业(专科) | |
| 304 | @a附:护理伦理学自学考试大纲 全国高等教育自学考试指导委员会组编 | |
| 330 | @a本书包括:护理伦理学的历史发展、护理伦理学的理论基础、护理道德的范畴、护士的人际关系及其护理道德、基础护理与专科护理的道德、饮食营养护理的道德等内容。 | |
| 606 | 0 | @a护理人员 |
| 606 | 0 | @a职业道德 |
| 606 | 0 | @a护理人员@x职业道德@x高等教育@j教材 |
| 690 | @aR192.6@v4 | |
| 701 | 0 | @a李本富@9li ben fu@4主编 |
| 801 | 0 | @aCN@bPFT@c20070619 |
| 905 | @a10447@dR192.6@e157 | |
| 护理伦理学/李本富主编.-北京:科学出版社,2000 |
| 208页;26cm |
| 全国高等教育自学考试指定教材 护理学专业(专科) |
| ISBN 7-03-008493-4:CNY18.20 |
| 本书包括:护理伦理学的历史发展、护理伦理学的理论基础、护理道德的范畴、护士的人际关系及其护理道德、基础护理与专科护理的道德、饮食营养护理的道德等内容。 |
| ● |
| 相关链接 |
|
|
|
|
正题名:护理伦理学
索取号:R192.6/157
 
预约/预借
| 序号 | 登录号 | 条形码 | 馆藏地/架位号 | 状态 | 备注 |
| 1 | 0653891 | 206538914 | 第二样本阅览室/ [索取号:R192.6/157] | 在馆 |